El principe / (Registro nro. 12698)
[ vista simple ]
| 000 -LIDER | |
|---|---|
| fixed length control field | 00959nam a22002777a 4500 |
| 003 - IDENTIFICACDOR DE NÚMERO DE CONTROL | |
| control field | DO-SdBNP |
| 005 - DATE AND TIME OF LATEST TRANSACTION | |
| control field | 20220921105219.0 |
| 008 - ELEMENTOS DE LONGITUD FIJA | |
| fixed length control field | 171025b2015|||| 00| 0 spa d |
| 020 ## - ISBN | |
| International Standard Book Number | 9788496975521 |
| 040 ## - FUENTE DE CATALOGACIÓN | |
| Agencia que crea de manera original el registro | BPMSU |
| Idioma de catalogación | spa |
| Agencia que realiza la transcripción | BPMSU |
| 082 #4 - NÚMERO DE CLASIFICACIÓN DECIMAL DE DEWEY | |
| Classification number | 320.1 |
| Item number | M297p 2015 |
| Edition number | 22 |
| 100 1# - ASIENTO PRINCIPAL -- NOMBRE PERSONAL | |
| Nombre personal | Maquiavelo, Nicolás, |
| Fechas asociadas con el nombre | 1469-1527 |
| 245 13 - MENCIÓN DE TITULO | |
| Título | El principe / |
| Mención de responsabilidad | Nicolás Maquiavelo ; prólogo Francesc LL. Cardona ; anotada por Napoleón Bonaparte |
| 260 ## - PUBLICACIÓN, DISTRIBUCIÓN, ETC. (PIE DE IMPRENTA) | |
| Lugar de publicación, distribución, etc | Barcelona : |
| Nombre del editor, distribuidor, etc. | Ediciones Brontes ; |
| Fecha de publicación, distribución, etc | 2015 |
| 300 ## - DESCRIPCIÓN FÍSICA | |
| Extensión | 155 p. ; |
| Dimensiones | 18 cm. |
| 490 0# - MENCIÓN DE SERIES | |
| Mención de serie | Literatura Universal |
| 500 ## - NOTA GENERAL | |
| Nota general | Incluye referencias bibliográficas y notas al pie de las páginas |
| 504 ## - NOTA DE BIBLIOGRAFÍA, ETC. | |
| Bibliography, etc | Bibliografías : p. 22 |
| 534 ## - NOTA SOBRE LA VERSIÓN ORIGINAL | |
| Asiento principal del original | Título original |
| Mención del título original | II Pricipe |
| 590 ## - NOTA LOCAL | |
| Enlace | Inventariado, 2022/VM |
| 600 14 - ENCABEZAMIENTO DE MATERIA--NOMBRE PERSONAL | |
| Nombre personal | Maquiavelo, Nicolás |
| Fechas asociadas con el nombre | 1469-1527. |
| Subdivisión temática general | Crítica e interpretación. |
| 650 #4 - ENCABEZAMIENTO DE MATERIA--TEMÁTICO | |
| Término temático o nombre geográfico como elemento de entrada | Ciencia política |
| 650 #4 - ENCABEZAMIENTO DE MATERIA--TEMÁTICO | |
| Término temático o nombre geográfico como elemento de entrada | Ética política. |
| 910 ## - VALIDACIÓN | |
| Validación | VMateo V. /Validado |
| 942 ## - ADDED ENTRY ELEMENTS (KOHA) | |
| Source of classification or shelving scheme | Dewey Decimal Classification |
| Koha item type | Libros |
| Withdrawn status | Lost status | Source of classification or shelving scheme | Damaged status | Not for loan | Collection code | Home library | Current library | Date acquired | Source of acquisition | Full call number | Barcode | Date last seen | Price effective from | Koha item type |
|---|---|---|---|---|---|---|---|---|---|---|---|---|---|---|
| Dewey Decimal Classification | Colección General | Biblioteca Pública Metropolitana Salomé Ureña | Biblioteca Pública Metropolitana Salomé Ureña | 10/25/2017 | Compra | BPMSU CG 320.1 M297p 2015 | BPMSU17100154 | 10/25/2017 | 10/25/2017 | Libros |